LEADER 00711nam a2200181 i 4500 001 000000187168 003 CaOOAMICUS 005 20100311000000.0 008 100311s1928 it u000 u ita u 013 $a165229 040 $aSeMil$bita 100 1 $aSchmidlin, Giuseppe.$0(OLS)http://semarc/name/5185 245 13$aLe missioni nell'epoca moderna. 300 $aVIII, 195 p. 773 0 $aSchmidlin, Giuseppe$tManuale di storia delle missioni cattoliche.$dMilano : Pontificio Istituto Missioni Estere, 1928-1943.$gVolume2$w()23104 850 $aSeMil 852 $aSeMil$W1$xVenegono$y1$m3F II 7$j137855$B137855$CSeMilBibl$Z2$F149332 $81 996 $6245$aLe missioni nell'epoca moderna$9(OLS)http://semarc/title/269228 LEADER 00961nam a2200241 i 4500 001 000000138680 003 CaOOAMICUS 005 20260323144603.0 008 050509s1975 it u000 u ita u 040 $aSeMil$bita 100 1 $aAlvarez, Alfred.$0(OLS)http://semarc/name/56125 240 14$aThe savage god.$0(OLS)http://semarc/title/202719 245 13$aIl dio selvaggio /$cA. Alvarez ; traduzione di Mario Manzari. 264 1$aMilano :$bRizzoli,$c1975. 300 $a280 p. ;$c22 cm. 650 4$aSuicidio nella letteratura.$0(OLS)http://semarc/subject/48791 700 1 $aManzari, Mario.$0(OLS)http://semarc/name/42140 850 $aSeMil 852 $aSeMil$W1$xVenegono$y1$m1R III 94$j268843$B92163$CSeMilBibl$Z2$F97281 $81 961 $aOmaggio: Poma mons. Gianfranco 996 $6245$aIl dio selvaggio$9(OLS)http://semarc/title/202718 996 $6264$aMilano :$bRizzoli$9(OLS)http://semarc/publisher/29824